|
|
|
|
| LEADER |
01179nam a2200265 a 4500 |
| 001 |
2434041 |
| 008 |
091230s1986 bg ab b 000 0 eng d |
| 010 |
|
|
|a \\\87900821
|
| 040 |
|
|
|a DLC
|c DLC
|d DLC
|d BD-DhAAL
|
| 082 |
0 |
0 |
|a 307.1/4/095492
|2 19
|
| 100 |
1 |
|
|a Rahaman, Reza Shamsur.
|
| 245 |
1 |
2 |
|a A praxis in participatory rural development :
|b Proshika with the prisoners of poverty /
|c prepared by Reza Shamsur Rahaman.
|
| 260 |
|
|
|a Dhaka, Bangladesh :
|b Proshika Manobik Unnayan Kendra,
|c c1986.
|
| 300 |
|
|
|a xvii, 167 p. (some folded) :
|b ill., 1 map ;
|c 23 cm.
|
| 500 |
|
|
|a "In lieu of an activity report for 1984-85."
|
| 504 |
|
|
|a Includes bibliographical references.
|
| 541 |
1 |
|
|e 00005566
|
| 650 |
|
0 |
|a Rural development
|z Bangladesh.
|
| 650 |
|
0 |
|a Rural poor
|z Bangladesh.
|
| 651 |
|
0 |
|a Bangladesh
|x Rural conditions.
|
| 610 |
2 |
0 |
|a Proshikhsan Shikhsa Kaj (Organization : Bangladesh)
|
| 710 |
2 |
|
|a Proshika Manobik Unnayan Kendra (Bangladesh)
|
| 852 |
4 |
|
|a Ayesha Abed Library
|j General shelf
|
| 999 |
|
|
|c 6532
|d 6532
|
| 952 |
|
|
|0 0
|1 0
|2 ddc
|4 0
|6 307_140954920000000_RAH_1986
|7 0
|9 6636
|a BRACUL
|b BRACUL
|c GEN
|d 2009-12-30
|g 150.00
|l 0
|o 307.14095492 RAH
|p 3010005566
|r 2009-12-30
|t 1
|w 2009-12-30
|y BK
|